Law of private defence / (Record no. 67483)

MARC details
000 -LEADER
fixed length control field 00432nam a22001457a 4500
005 - DATE AND TIME OF LATEST TRANSACTION
control field 20180721104113.0
020 ## - INTERNATIONAL STANDARD BOOK NUMBER
International Standard Book Number 8175345349
Terms of availability 225.00
035 ## - SYSTEM CONTROL NUMBER
System control number B-220654, B-220651
037 ## - SOURCE OF ACQUISITION
Stock number DPL
Source of stock number/acquisition ENG
100 ## - MAIN ENTRY--PERSONAL NAME
Personal name Gafoor, K A Abdul
245 ## - TITLE STATEMENT
Title Law of private defence /
Statement of responsibility, etc by K A Abdul Gafoor
260 ## - PUBLICATION, DISTRIBUTION, ETC. (IMPRINT)
Place of publication, distribution, etc New Delhi
Name of publisher, distributor, etc Universal Law Publishing Co.
Date of publication, distribution, etc 2006
300 ## - PHYSICAL DESCRIPTION
Extent ix, 172p.
Dimensions 20 cms.
942 ## - ADDED ENTRY ELEMENTS (KOHA)
Source of classification or shelving scheme Dewey Decimal Classification
Item type English Books
Classification part 345.5404
Call number suffix ABD
Holdings
Withdrawn status Lost status Not for loan Collection code Home library Current library Date acquired Cost, normal purchase price Full call number Barcode Cost, replacement price Koha item type Source of acquisition
      Non-fiction Patel Nagar Patel Nagar 21/07/2018 225.00 345.5404 ABD B-220651 225.00 English Books BPPD/Pub
      Non-fiction Sarojini Nagar Sarojini Nagar 04/06/2012 225.00 345.5404 ABD B-220654 225.00 English Books  

© Delhi Public Library
Hit Counter
free hit counter